[Event "Minsk op"]
[Site "Minsk"]
[Date "2023.11.09"]
[Round "7"]
[White "Papou, Illia"]
[Black "Vitsiuk, Aleksandra"]
[Result "0-1"]
[WhiteElo "1276"]
[BlackElo "1181"]
[PlyCount "69"]
[EventDate "2023.11.03"]
[EventType "swiss"]
[EventRounds "9"]
[EventCountry "BLR"]
[SourceTitle "CB46_2023"]
[SourceDate "2023.11.15"]
[SourceVersion "1"]
[SourceVersionDate "2023.11.15"]
[SourceQuality "1"]

1. d4 Nf6 2. Bf4 e6 3. e3 c5 4. c3 b6 5. Nf3 Bb7 6. Nbd2 Nc6 7. Bd3 Be7 8. 0-0 0-0 9. h3 cxd4 10. exd4 d6 11. Qc2 Rc8 12. a3 Nh5 13. Bh2 h6 14. Rfe1 Bf6 15. g4 Nxd4 16. Nxd4 Bxd4 17. Nb3 Be5 18. Bxe5 dxe5 19. Rxe5 Nf4 20. Re3 Qh4 21. Bf1 f5 22. gxf5 Rxf5 23. Rg3 Rg5 24. Kh2 Nh5 25. Qd3 Nxg3 26. fxg3 Qe4 27. Qxe4 Bxe4 28. Bg2 Bxg2 29. Kxg2 Rb5 30. Nd4 Rxb2+ 31. Kf3 Rxc3+ 32. Ke4 Rxg3 33. Nxe6 Re2+ 34. Kf4 Rxh3 35. Kg4 0-1

[Event "Minsk op"]
[Site "Minsk"]
[Date "2023.11.03"]
[Round "1"]
[White "Papou, Illia"]
[Black "Klachkou, Platon"]
[Result "0-1"]
[WhiteElo "1276"]
[BlackElo "2066"]
[PlyCount "62"]
[EventDate "2023.11.03"]
[EventType "swiss"]
[EventRounds "9"]
[EventCountry "BLR"]
[SourceTitle "CB46_2023"]
[SourceDate "2023.11.15"]
[SourceVersion "1"]
[SourceVersionDate "2023.11.15"]
[SourceQuality "1"]

1. d4 Nf6 2. Bf4 d6 3. e3 g6 4. Nc3 Bg7 5. h4 h5 6. Nf3 Bg4 7. Qd2 Bxf3 8. gxf3 Nbd7 9. Bh3 c6 10. e4 e5 11. Bg5 Qa5 12. f4 exd4 13. Qxd4 0-0 14. 0-0 Rad8 15. Bxd7 Nxd7 16. Bxd8 Rxd8 17. Qe3 Re8 18. Kh1 Qb4 19. Rg1 Qxb2 20. e5 Bh6 21. Qd3 Re6 22. Ne4 Bxf4 23. Nxd6 Nxe5 24. Qe4 Rxd6 25. Qxf4 Rd4 26. Qf6 Qc3 27. f3 Ng4 28. Rxg4 hxg4 29. Rg1 g3 30. h5 Rd2 31. Qxc3 Rh2# 0-1